000 01184nam a2200313 i 4500
003 EG-GICUC
005 20260426083826.0
008 260426s1873 fr |||fr|||| 00| 0 fra d
040 _aEG-GiCUC
_bfre
_cEG-GiCUC
_dEG-GiCUC
_eRda
041 _afre
082 0 4 _221
_a343.7662
_bEN
092 0 4 _221
099 _aLaw1 10 343.7662 EN
245 0 0 _aENQUÊTE PARLEMENTAIRE SUR LE RÉGIME DES ÉTABLISSEMENTS PÉNITENTIAIRES.
_nTome 1,
_pPROCÈS-VERBAUX DE LA COMMISSION COMPTE-RENDU DES DEPOSITIONS DES TÉMOINS.
264 1 _aVersailles :
_bCERF ET FILS, IMPRIMEURS DE L'ASSEMBLÉE NATIONALE,
_c1873.
300 _a519 page ;
_c 24 cm.
_billustration ;
336 _2rda contenu
_a texte
337 _2rda medias
_aOrdinateur
338 _2 transporteur rda
_a Ressource en ligne
490 1 _aASSEMBLÉE NATIONALE ANNEE A87A
_vN° 1676.
500 _aAnnexe au procès-verbal de la séance du is агь 1873
504 _aBibliography: pages 200-250. 240-220
546 _aTexte en français
650 1 4 _aSystèmes pénitentiaires
_2qrmak
651 1 _2qrmak
856 4 0 _uhttps://fll.law.cu.edu.eg/fulltext/bks/B10-11102.pdf
905 _a161
942 _2ddc
_cBK
_e21
_n0
999 _c73398
_d73398